000 00608nam a22001817a 4500
999 _c524416
_d524416
003 NUST
038 _aWaseem
082 _a891.43909
_bJAF
100 _aJafri, Syed Hussain Muhammad
_915238
245 _aPakistani Mashra aur Adab /
_cSyed hussain Muhammad Jafri
260 _aKarachi :
_bPakistan Study Center,
_c1987.
300 _a242 p. ;
500 _aHard cover.
880 _6100-01\r
_aسید حسین محمد جعفری
880 _6245-02\r
_aپاکستانی معاشرہ اور ادب /
880 _6260-03\r
_aکراچی :
_bپاکستان اسٹڈی سنٹر,
_c۱۹۸۷.
942 _2ddc
_cBK